000 00384nam a2200169Ia 4500
003 IT-RoPAU
005 20220918175438.0
008 120407s9999 xx 000 0 und d
040 _aIT-RoPAU
040 _cIT-RoPAU
100 _aRené Guénon
_934487
245 _aIl simbolismo della croce
260 _aStudi Tradizionali
300 _c cm
490 _v1
942 _cBK
_2ddc
999 _c11908
_d11908